Colors (Bright Baby Touch and Feel) / (Record no. 4508)

MARC details
000 -LEADER
fixed length control field 00936nam a22002897a 4500
001 - CONTROL NUMBER
control field 4508
003 - CONTROL NUMBER IDENTIFIER
control field FISKH
005 - DATE AND TIME OF LATEST TRANSACTION
control field 20240912134842.0
008 - FIXED-LENGTH DATA ELEMENTS--GENERAL INFORMATION
fixed length control field 240912b cb ||||| |||| 00| 0 eng d
020 ## - INTERNATIONAL STANDARD BOOK NUMBER
International Standard Book Number 9780312508302
040 ## - CATALOGING SOURCE
Original cataloging agency FISKH
Language of cataloging eng
Transcribing agency FISKH
Modifying agency FISKH
050 ## - LIBRARY OF CONGRESS CALL NUMBER
Classification number QC495.C64145215
082 ## - DEWEY DECIMAL CLASSIFICATION NUMBER
Classification number 535.6
100 ## - MAIN ENTRY--PERSONAL NAME
Personal name Priddy, Roger
Relator term author
245 ## - TITLE STATEMENT
Title Colors (Bright Baby Touch and Feel) /
Statement of responsibility, etc. by Roger Priddy
250 ## - EDITION STATEMENT
Edition statement This edition published 2009
260 ## - PUBLICATION, DISTRIBUTION, ETC.
Place of publication, distribution, etc. New York :
Name of publisher, distributor, etc. Martin's Press ;
Date of publication, distribution, etc. 2008.
300 ## - PHYSICAL DESCRIPTION
Extent 10 unnumbered pages :
Other physical details color illustrations ;
Dimensions 20 cm .
490 ## - SERIES STATEMENT
Series statement bright baby touch and feel
505 ## - FORMATTED CONTENTS NOTE
Formatted contents note B <br/>
520 ## - SUMMARY, ETC.
Summary, etc. This first learning book is an ideal introduction to colors and has exciting textures for your baby to touch and feel.
521 8# - TARGET AUDIENCE NOTE
Target audience note 40 <br/>
Source Lexile estimate <br/>
521 8# - TARGET AUDIENCE NOTE
Target audience note B <br/>
Source Raz-Plus <br/>
650 ## - SUBJECT ADDED ENTRY--TOPICAL TERM
Topical term or geographic name entry element color
Form subdivision non-fiction
942 ## - ADDED ENTRY ELEMENTS (KOHA)
Source of classification or shelving scheme Dewey Decimal Classification
Koha item type Books
Suppress in OPAC No
Holdings
Withdrawn status Lost status Source of classification or shelving scheme Damaged status Not for loan Collection Home library Current library Shelving location Date acquired Total Checkouts Full call number Barcode Date last seen Date last checked out Price effective from Koha item type
    Dewey Decimal Classification     Juvenile Fiction Footprints International School Library Network Toul Kork Campus Footprints International School Library Network Toul Kork Campus   09/12/2024 2 PRI 535.6 QC495.C64145215 FIS02723 09/08/2025 07/11/2025 09/12/2024 Books